Memoria 2do Pre congreso ISFODOSU-IDEICE (Record no. 8839)

MARC details
000 -LEADER
campo de control de longitud fija 01020nam a2200229Ia 4500
001 - NÚMERO DE CONTROL
campo de control 3736
003 - IDENTIFICADOR DE NÚMERO DE CONTROL
campo de control OSt
005 - FECHA Y HORA DE LA ÚLTIMA TRANSACCIÓN
campo de control 20250228142423.0
008 - DATOS DE LONGITUD FIJA--INFORMACIÓN GENERAL
campo de control de longitud fija 241024s2012 dr a fdp 000 0 und d
020 ## - NÚMERO INTERNACIONAL ESTÁNDAR DEL LIBRO
Número Internacional Estándar del Libro 2306-143x
040 ## - FUENTE DE CATALOGACIÓN
Centro catalogador/agencia de origen CGID0034
Lengua de catalogación spa
Centro/agencia transcriptor CGID0034
Normas de descripción rda
082 ## - NÚMERO DE LA CLASIFICACIÓN DECIMAL DEWEY
Número de clasificación RD/371.3/R426m/2012/1
100 ## - ENTRADA PRINCIPAL--NOMBRE DE PERSONA
Nombre de persona República Dominicana.Ministerio de Educación IDEICE
245 #0 - MENCIÓN DEL TÍTULO
Título Memoria 2do Pre congreso ISFODOSU-IDEICE
260 ## - PUBLICACIÓN, DISTRIBUCIÓN, ETC.
Nombre del editor, distribuidor, etc. Santo Domingo
Fecha de publicación, distribución, etc. 2012
505 ## - NOTA DE CONTENIDO CON FORMATO
Nota de contenido con formato Bajo la cobertura de la alianza estratégica entre el Instituto Superior de Formación Docente, ISFODOSU, y el Instituto Dominicano de Evaluación e Investigación de la Calidad Educativa, IDEICE, se realiza el 2do. Pre - congreso ISFODOSU-IDEICE 2012
710 ## - ENTRADA AGREGADA--NOMBRE DE ENTIDAD CORPORATIVA
Nombre de entidad corporativa o nombre de jurisdicción como elemento de entrada IDEICE, Instituto Dominicano de Evaluación e Investigación de la Calidad Educativa
856 ## - LOCALIZACIÓN Y ACCESO ELECTRÓNICOS
Identificador Uniforme de Recurso <a href="https://ideice.gob.do/documentacion/publicaciones-id-p6-56-memoria-2do-pre-congreso-isfodosu-ideice-2012">https://ideice.gob.do/documentacion/publicaciones-id-p6-56-memoria-2do-pre-congreso-isfodosu-ideice-2012</a>
901 ## - ELEMENTOS DE DATOS A LOCAL LDA (RLIN)
a 20/3/2014 10:37:41 a.m.
942 ## - ELEMENTOS DE ENTRADA SECUNDARIOS (KOHA)
Fuente de la clasificación o esquema de estantería Clasificación Decimal Dewey
Tipo de ítem Koha Investigaciones
Suprimir en OPAC No
Holdings
Estatus retirado Estado de pérdida Fuente de la clasificación o esquema de estantería Estado de daño No para préstamo Biblioteca de origen Biblioteca actual Fecha de adquisición Total de préstamos Visto por última vez Identificador uniforme de recursos Precio de reemplazo Tipo de ítem Koha
    Clasificación Decimal Dewey     Repositorio IDEICE Repositorio IDEICE 24/02/2025   24/02/2025 https://ideice.gob.do/documentacion/publicaciones-id-p6-56-memoria-2do-pre-congreso-isfodosu-ideice-2012 24/02/2025 Revistas

© 2024. Todos los Derechos Reservados. Desarrollado por IDEICE